000 00273nam a2200109Ia 4500
008 220204s9999 xx 000 0 und d
082 _a030.1:801.31
_bDUN
100 _aDunkling, Leslie
245 0 _aGuinness book of names
260 _aEnfield
_bGuinness
_c1974
942 _cBK
999 _c33242
_d33242